Vives pedagógiája.

Elmentve itt :
Bibliográfiai részletek
Szerző: Péter János
Adatforrás:Philobibl
Forrásdokumentuma:Magyar Középiskola
1912. évf., 1-14.p. p.
Dokumentumtípus: Cikk
Nyelv:magyar
LEADER 00279nab a2200097 c 4500
001 bibDOK00023955
005 20200924121810.7
008 060518s1912 hu hun
100 1 |a Péter János 
245 1 0 |a Vives pedagógiája.  |c Péter János 
773 0 |t Magyar Középiskola  |g 1912. évf., 1-14.p. p.